000 00820nas a2200253 4500
001 BR0500892
003 BR-BrBNA
005 20231205105130.0
007 ta
008 230509b bl.|||p| |||| 00| 00por d
040 _aBR-BrBNA
_bpor
_cBiblioteca Nacional de Agricultura
041 _a(En)
072 _aF50
100 1 _aFernandes, L.F.
100 1 _aProcopiak, L.K.
245 1 _aObservations on valve structure of Navicula directa (Wm. Smith)Ralfs in pritchard and Navicula glaciei V. Heurck from rocky substrates in Antartic peninsula
650 _aALGA
650 _aTAXONOMIA VEGETAL
650 _aMICROALGA
650 _aMORFOLOGIA VEGETAL
773 0 _tHoehnea (Brazil)
_xISSN 0073-2877
_g(Apr 2003), v. 30(1) p. 1-10
_wBR0500892
909 _a202311
_bLúcia
_c55
_dLúcia Elande
942 _2AGRIS
_n0
_cANA
999 _c181407
_d181407